A mathematical introduction to wavelets /

Guardado en:
Autor Principal: Wojtaszczyk, Przemyslaw, 1940-
Formato: Libro
Idioma:English
Publicado: Cambridge : Cambridge University Press, 1997.
Series:London Mathematical Society student texts ; 37
Materias:
Acceso en línea:Publisher description
Google Book Search
Etiquetas: Agregar Etiqueta
Sin Etiquetas, Sea el primero en etiquetar este registro!
LEADER 01297pam a2200277 a 4500
001 MAT.inmabb003792
008 961018s1997####enka#####b####001#0#eng##
005 20120925114107.0
245 1 2 |a A mathematical introduction to wavelets /  |c P. Wojtaszczyk. 
260 |a Cambridge :  |b Cambridge University Press,  |c 1997. 
300 |a xii, 261 p. :  |b il. ;  |c 24 cm. 
440 0 |a London Mathematical Society student texts ;  |v 37 
504 |a Incluye referencias bibliográficas (p. 254-259) e índice. 
505 0 |a 1. A small sample -- 2. General constructions -- 3. Some important wavelets -- 4. Compactly supported wavelets -- 5. Multivariable wavelets -- 6. Function spaces -- 7. Unconditional convergence -- 8. Wavelet bases in Lp and H1 -- 9. Wavelets and smoothness of functions. 
510 4 |a MR,  |c 98j:42025 
020 |a 0521578949 (pbk) 
020 |a 0521570204 (hardback) 
100 1 |a Wojtaszczyk, Przemyslaw,  |d 1940- 
650 0 |a Wavelets (Mathematics) 
084 |a 42C40  |2 msc2000 
084 |a 42C15 (42B05 42C10)  |2 MR 
010 |a  96037157  
040 |a DLC  |c DLC  |d DLC 
856 4 2 |3 Publisher description  |u http://www.loc.gov/catdir/description/cam028/96037157.html 
856 4 1 |u http://books.google.com/books?isbn=0521578949  |y Google Book Search 
859 |h 42  |i W847  |p A-7711  |b BIB. MATEMATICA